LEADER 00741nam0 2200265 450 001 9911068527203321 005 20260317084205.0 010 $a978-88-338-1708-8 100 $a20260317d2025---- kmyy0itay50 ba 101 0 $aita 102 $aIT 105 $ay 001yy 200 1 $a<> scarto bibliografico$eprocedure corrette e buone pratiche$fCristiana Aresti 210 $aRoma$cEdizioni Efesto$d2025 215 $a129 p.$d21 cm 225 1 $aTheoretiką 676 $a025.216 700 1$aAresti$bCristiana$0736226 801 0$aIT$bUNINA$gREICAT$2UNIMARC 901 $aBK 912 $a9911068527203321 952 $aARE025.216A$b6770$fDECBC 959 $aDECBC 996 $aScarto bibliografico$94542337 997 $aUNINA